000 00673nam a2200229Ia 4500
008 101110s9999 xx 000 0 und d
041 _aENGLISH
082 _bSR31122
100 _aKolman Bernad, Bushy Robert, C.Ross, Sharma Sutler and others
245 _aDiscrete mathematical structures 5th edition
260 _c2008
_bPrentice hall of india, New Delhi
300 _a503
365 _b250
520 _aBSc Computer
520 _aStats/Maths
546 _aENGLISH
630 _aDiscrete mathematical structures 5th edition
650 _aStats/Maths
655 _aStats/Maths
730 _aDiscrete mathematical structures 5th edition
942 _cBOOK
999 _c823625
_d823622